Transformácia, perspektívy a predpoklady rozvoja bankového sektora

Salvato in:
Dettagli Bibliografici
Autore principale: Korauš, Antonín
Natura: Capitolo di libro
Lingua:inglese
Tags: Aggiungi Tag
Nessun Tag, puoi essere il primo ad aggiungerne!!

MARC

LEADER 00000naa$a2200000$$$4500
001 0117990
005 20240502072324.0
041 0 |a eng 
044 |a SK 
245 1 0 |a Transformácia, perspektívy a predpoklady rozvoja bankového sektora  |c Anton Korauš 
100 1 |a Korauš, Antonín